<?xml version="1.0" encoding="UTF-8"?>
<record
    xmlns:xsi="http://www.w3.org/2001/XMLSchema-instance"
    xsi:schemaLocation="http://www.loc.gov/MARC21/slim http://www.loc.gov/standards/marcxml/schema/MARC21slim.xsd"
    xmlns="http://www.loc.gov/MARC21/slim">

  <leader>00879nam a2200241 a 4500</leader>
  <controlfield tag="001">BRCA_8287</controlfield>
  <controlfield tag="005">20190320210219.0</controlfield>
  <controlfield tag="008">120614s1949----mx-####g##---#000-0#spa-#</controlfield>
  <datafield tag="041" ind1=" " ind2=" ">
    <subfield code="a">spa</subfield>
  </datafield>
  <datafield tag="044" ind1=" " ind2=" ">
    <subfield code="a">mx</subfield>
  </datafield>
  <datafield tag="050" ind1=" " ind2="4">
    <subfield code="a">BX3550.S2</subfield>
    <subfield code="b">.C78 1949</subfield>
  </datafield>
  <datafield tag="100" ind1="1" ind2=" ">
    <subfield code="a">Cruz y Moya, Juan Jos&#xE9; de la</subfield>
    <subfield code="c">Fray</subfield>
    <subfield code="d">1706-1760?</subfield>
    <subfield code="9">20698</subfield>
  </datafield>
  <datafield tag="245" ind1="1" ind2="0">
    <subfield code="a">Historia de la Santa y Apost&#xF3;lica Provincia de Santiago de Predicadores de M&#xE9;xico en la Nueva Espa&#xF1;a</subfield>
    <subfield code="b">tomo I</subfield>
    <subfield code="c">por Fray Juan Jos&#xE9; de la Cruz y Moya ; introducci&#xF3;n e &#xED;ndices de Gabriel Sald&#xED;var.</subfield>
  </datafield>
  <datafield tag="260" ind1=" " ind2=" ">
    <subfield code="a">M&#xE9;xico</subfield>
    <subfield code="b">Librer&#xED;a de Manuel Porr&#xFA;a</subfield>
    <subfield code="c">1949</subfield>
  </datafield>
  <datafield tag="300" ind1=" " ind2=" ">
    <subfield code="a">291 p.</subfield>
    <subfield code="c">24 cm.</subfield>
  </datafield>
  <datafield tag="440" ind1=" " ind2="0">
    <subfield code="a">Documentos Mexicanos</subfield>
    <subfield code="n">3</subfield>
    <subfield code="9">20699</subfield>
  </datafield>
  <datafield tag="500" ind1=" " ind2=" ">
    <subfield code="a">S78</subfield>
  </datafield>
  <datafield tag="650" ind1="1" ind2="4">
    <subfield code="a">Orden religiosa de los Dominicos</subfield>
    <subfield code="z">M&#xE9;xico</subfield>
    <subfield code="9">20700</subfield>
  </datafield>
  <datafield tag="651" ind1=" " ind2="4">
    <subfield code="a">Nueva Espa&#xF1;a</subfield>
    <subfield code="x">Historia</subfield>
    <subfield code="9">3639</subfield>
  </datafield>
  <datafield tag="700" ind1="1" ind2=" ">
    <subfield code="a">Sald&#xED;var, Gabriel</subfield>
    <subfield code="e">intr.</subfield>
    <subfield code="9">6327</subfield>
  </datafield>
  <datafield tag="902" ind1=" " ind2=" ">
    <subfield code="a">GFM</subfield>
  </datafield>
  <datafield tag="942" ind1=" " ind2=" ">
    <subfield code="2">lcc</subfield>
    <subfield code="c">B</subfield>
  </datafield>
  <datafield tag="999" ind1=" " ind2=" ">
    <subfield code="c">7955</subfield>
    <subfield code="d">7955</subfield>
  </datafield>
  <datafield tag="952" ind1=" " ind2=" ">
    <subfield code="0">0</subfield>
    <subfield code="1">0</subfield>
    <subfield code="4">0</subfield>
    <subfield code="7">0</subfield>
    <subfield code="a">BRCA</subfield>
    <subfield code="b">BRCA</subfield>
    <subfield code="d">2014-06-12</subfield>
    <subfield code="i">S78</subfield>
    <subfield code="l">0</subfield>
    <subfield code="o">BX3550.S2 .C78 1949 (S78)</subfield>
    <subfield code="p">8911</subfield>
    <subfield code="r">2019-03-22 00:00:00</subfield>
    <subfield code="w">2019-03-22</subfield>
    <subfield code="y">B</subfield>
  </datafield>
</record>
